00416 2200169 4500001002100000005001500021035002000036245004500056100001400101250001000115300002500125260003800150082000800188084001400196020002200210650001400232INLIS00000000000012220210224010025 a0010-02210000951 acara gampang Budidaya Nanas /cwulandari0 awulandari acet.1 a100hal. ;c14x20.5cm aJawa Barat :bVillam Media,c2018 a634 a634 WUL c a978-602-6348-00-5 4aPertanian